ბათუმის შოთა რუსთაველის სახელმწიფო უნივერსიტეტის ბიბლიოთეკა

მცხეთა : (ბიბ.ჩანაწერი № 60038)

000 -ლიდერი
ფიქსირებული სიგრძის საკონტროლო ველი 01890nam a22002417a 4500
003 - საკონტროლო ნომრის იდენტიფიკატორი
საკონტროლო ველი Ge_BSU
005 - ბოლო ოპერაციის თარიღი და დრო
საკონტროლო ველი 20230531150731.0
008 - ფიქსირებული სიგრძის მონაცემთა ელემენტები - ზოგადი ინფორმაცია
ფიქსირებული სიგრძის საკონტროლო ველი 230531s1978 ge ||||| |||| 00| 0 geo d
041 ## - ენის კოდი
Language code of text/sound track or separate title geo
080 ## - უნივერსალური ათობითი კლასიფიკაციის ინდექსი
Universal Decimal Classification number 902.2(479.221.1) მ-97
245 ## - ცნობა სათაურის შესახებ
Title მცხეთა :
Remainder of title არქეოლოგიური კვლევა-ძიების შედეგები. ტ. 2, დიდი მცხეთის ადრერკინის, ანტიკური და ადრეფეოდალური ხანის არქეოლოგიური ძეგლები /
Statement of responsibility, etc ა. აფაქიძე, ა. კალანდაძე, ვ. ნიკოლაიშვილი ; საქ. სსრ მეცნ. აკად., ივ. ჯავახიშვილის სახ. ისტორიის ინ-ტი
264 ## - წარმოების, გამოცემის, დისტრიბუციის და სხვა ცნობები
გამოცემის, წარმოების, დისტრიბუციის... ადგილი თბილისი :
გამოცემის, წარმოების, დისტრიბუციის... სახელწოდება მეცნიერება,
გამოცემის, წარმოების, დისტრიბუციის... თარიღი 1978.
300 ## - ფიზიკური აღწერა
Extent 271 გვ. :
Other physical details ილ.;
Dimensions 22 სმ.
501 ## - შენიშვნა თანმხლებ მასალაზე
With note ლიტ. სია: გვ. 170-172.
საძიებლები: გვ. 261-270.
520 ## - SUMMARY, ETC.
Summary, etc სტატიების ბოლოს რეზ. რუს. ენ.
653 ## - INDEX TERM--UNCONTROLLED
Uncontrolled term არქეოლოგიური გათხრები მცხეთაში.
700 ## - ADDED ENTRY--PERSONAL NAME
Personal name აფაქიძე, ა.
Relator term ავტორი, რედაქტორი.
9 (RLIN) 18365
700 ## - ADDED ENTRY--PERSONAL NAME
Personal name კალანდაძე, ა.
Relator term ავტორი.
9 (RLIN) 17831
700 ## - ADDED ENTRY--PERSONAL NAME
Personal name ნიკოლაიშვილი, ვ.
Relator term ავტორი.
9 (RLIN) 18368
700 ## - ADDED ENTRY--PERSONAL NAME
Personal name ფავლენიშვილი, ლ.
Relator term მხატვარი.
9 (RLIN) 18369
710 ## - ADDED ENTRY--CORPORATE NAME
Corporate name or jurisdiction name as entry element საქართველოს სსრ მეცნიერებათა აკადემია.
Subordinate unit ივ. ჯავახიშვილის სახ. ისტორიის ინსტიტუტი.
9 (RLIN) 18018
942 ## - ADDED ENTRY ELEMENTS (KOHA)
Source of classification or shelving scheme
Koha item type წიგნი

არაა ხელმისაწვდომი ეგზემპლარები.